| 000 | 00916nam a2200253Ia 4500 | ||
|---|---|---|---|
| 003 | OSt | ||
| 005 | 20221005113439.0 | ||
| 006 | a|||||r|||| 00| 0 | ||
| 007 | ta | ||
| 008 | 221004b |||||||| |||| 00| 0 pan d | ||
| 020 |
_a9788178838595 (hbk) _c220 |
||
| 024 | _a2065 | ||
| 037 |
_b191, 04/01/2013, Orange Books International _cTextual |
||
| 040 |
_aCRL _cCRL _bpan |
||
| 041 |
_2pan _apan |
||
| 082 | _aY73(P153):351:g, 153Q2 | ||
| 100 | _aਕਰਮਜੀਤ ਸਿੰਘ | ||
| 245 | 0 | _aਪੰਜਾਬੀ ਲੋਕ ਧਾਰਾ ਸਮੀਖਿਆ | |
| 260 |
_aਲੁਧਿਆਣਾ _bਚੇ਼ਤਨਾ ਪ੍ਰਕਾFਨ ਭਾਰਤ _c2012 |
||
| 300 |
_a160ਪੰ _ccm. |
||
| 650 |
_aਣOFਨ FਾਂਸਛO _9157433 |
||
| 942 |
_hY73(P153):351:g, 153Q2 _cTEXL _2cc |
||
| 999 |
_c1028212 _d1028212 |
||